Něco pro burziány

Analytická činnosť burzových odborníkov vykonávaná prostredníctvom programu WinBurza 4.1. Funkcie programu. Všetky charakteristiky v systéme. Evidencia a analýza emitentov cenných papierov. Technická analýza. Správa portfólia.

Guardado en:
Detalles Bibliográficos
Autor principal: Pejša, J.
Formato: Capítulo de libro
Lenguaje:checo
Materias:
Etiquetas: Agregar Etiqueta
Sin Etiquetas, Sea el primero en etiquetar este registro!

MARC

LEADER 00000naa a2200000 4500
001 r023043
005 20230612110842.9
041 0 |a cze 
044 |a CZ 
245 1 0 |a Něco pro burziány  |c J. Pejša 
520 |a Analytická činnosť burzových odborníkov vykonávaná prostredníctvom programu WinBurza 4.1. Funkcie programu. Všetky charakteristiky v systéme. Evidencia a analýza emitentov cenných papierov. Technická analýza. Správa portfólia. 
610 2 0 |a technika výpočtová 
610 2 0 |a softvér 
610 2 0 |a obchody burzové 
610 2 0 |a burzovníctvo 
610 2 0 |a WinBurza 4.1 
610 2 0 |a papiere cenné 
610 2 0 |a portfólio 
610 2 0 |a analýza technická 
100 1 |a Pejša, J.